000 00620nam a22001697a 4500
005 20120608151414.0
020 _a8174761683
_cRs. 135.00(hbk)
035 _aA-936080
037 _aDPL
_bENG
100 _aCariappa, Meena
_948750
245 _aHow to help your disabled child /
_cby Meena Cariappa and D Geeta
260 _aNew Delhi
_bUBS Publisher' Distributors Ltd
_c1997
300 _a196p.
_c20 cms.
700 _aGeeta, D
_948751
942 _2ddc
_cEN
_h362.40833
_mCAR
999 _c67736
_d67736